000 00640nam a2200193 a 4500
001 000011829
005 20240530073912.0
008 091028s2001 dr a 000 f spa d
040 _aDO-SdBNP
_bspa
_cBNPHU
082 _aRD863.44
_bC322e
100 1 _aCartagena, Francisco,
_d1972-
_925142
245 1 3 _aLa estrella azul :
_bla rebelión de Lucifer /
_cFrancisco Cartagena.
260 _aSanto Domingo :
_bEdiciones Nativo,
_c2001.
300 _a126 p. :
_bil. ;
_c22 cm.
500 _aIncluye datos biográficos del autor en la contracubierta.
650 0 _aNovela dominicana
_9223
650 0 _aLiteratura dominicana.
_967
049 _aBNPD
999 _c11503
_d11503